Regional or local? <the> EU's future partners in cohesion policy

Saved in:
Bibliographic Details
Main Author: McAleavy, Paul
Other Authors: De Rynck, Stefaan
Format: Book
Language:English
Published: San Domenico (FI) European University Institute/Robert Schuman Centre 1997
Series:EUI Working paper RSC No. 97/55
Subjects:
Tags: Add Tag
No Tags, Be the first to tag this record!

MARC

LEADER 00000nam a2200000 4500
001 c134611
005 20221124073911.1
041 0 |a eng 
044 |a IT 
245 1 0 |a Regional or local?  |b <the> EU's future partners in cohesion policy  |c Paul McAleavy and Stefaan De Rynck 
264 1 |a San Domenico (FI)  |b European University Institute/Robert Schuman Centre  |c 1997 
300 |a 37 s. 
490 1 |a EUI Working paper RSC  |v No. 97/55 
830 0 |a EUI Working paper RSC  |v No. 97/55 
610 2 0 |a integrácia ekonomická medzinárodná 
610 2 0 |a spolupráca hospodárska medzinárodná 
610 2 0 |a partneri obchodní 
610 2 0 |a politika regionálna 
610 2 0 |a Európska únia 
100 1 |a McAleavy, Paul 
700 1 |a De Rynck, Stefaan